| 000 | 00897nam0a2200253 4500 | ||
|---|---|---|---|
| 001 | RU\NLR\BIBL_A\012597877 | ||
| 005 | 20250624081947.0 | ||
| 035 | _a(NLR Aleph) 012597877 | ||
| 090 |
_a13305326 _c13305326 |
||
| 100 | _a20210917u1967 |||y0rusy50 ca | ||
| 101 | 0 | _akur | |
| 102 | _aAM | ||
| 105 | _aa z 000 y | ||
| 200 | 1 |
_aЌтי еба змане кיӧрди бона дәрсхана IV _fӘмине Әיвдал _gакадемиа РיСС Әрмәнистане нав кיӧрдада |
|
| 210 |
_aЕреван _d1967 |
||
| 215 |
_a207,[1]с. _d22 |
||
| 541 | 1 |
_6z01790 _aУчебник курдского языка _zrus |
|
| 686 | 1 | _aШ12/17-92/99 (2=Курд.) | |
| 700 | 1 |
_aӘיвдал _bӘ. _gӘминее _4070 |
|
| 790 | 1 |
_6z01541 _aАмине _bА.М. _c1906-1964 _gАвдал Маджид _4070 |
|
| 852 |
_aNLR _bОНЛ _jКурд./3-146 |
||
| 942 | _cBOOK | ||
| 980 | _aNB | ||